Human Resource: Development, planning and deployment (Record no. 110720)

MARC details
000 -LEADER
fixed length control field 00375nam a2200145Ia 4500
008 - FIXED-LENGTH DATA ELEMENTS--GENERAL INFORMATION
fixed length control field 230917s9999||||xx |||||||||||||| ||und||
040 ## - CATALOGING SOURCE
-- 100386
Original cataloging agency VIVEKANANDA LIBRARY
041 ## - Language
-- English
082 ## - DDC NUMBER
Classification number 658.3 S55H
100 ## - MAIN ENTRY--PERSONAL NAME
Personal name Sen, Aloke K
245 #0 - TITLE STATEMENT
Title Human Resource: Development, planning and deployment
260 ## - PUBLICATION, DISTRIBUTION, ETC. (IMPRINT)
Place of publication, distribution, etc New Delhi
Name of publisher, distributor, etc Asian Books
Date of publication, distribution, etc 2003
300 ## - PHYSICAL DESCRIPTION
Pages 265 p.
942 ## - ADDED ENTRY ELEMENTS (KOHA)
Koha item type Books
Holdings
Withdrawn status Lost status Damaged status Not for loan Location (home branch) Sublocation or collection (holding branch) Date acquired Koha issues (times borrowed) Koha full call number Accession No. Koha date last seen Koha item type
        VIVEKANANDA LIBRARY VIVEKANANDA LIBRARY 24/03/2004   658.3 S55H 197900 17/09/2023 Books
        VIVEKANANDA LIBRARY VIVEKANANDA LIBRARY 24/03/2004   658.3 S55H 197901 17/09/2023 Books
        VIVEKANANDA LIBRARY VIVEKANANDA LIBRARY 24/03/2004   658.3 S55H 197902 17/09/2023 Books
© Designed and Maintained by Vivekananda Library, MDU Rohtak